000 00871nas a2200301 4500
001 BR0808303
003 BR-BrBNA
005 20231205112833.0
007 ta
008 230509b bl.|||p| |||| 00| 00por d
040 _aBR-BrBNA
_bpor
_cBiblioteca Nacional de Agricultura
041 _a(Pt)
072 _aL02
100 1 _aCarvalho, D.B. de
100 1 _aBello, M.
100 1 _aMoraes, A. de
100 1 _aPelissari, A.
100 1 _aBona Filho, A.
245 1 _aDesenvolvimento de pastagens em integração lavoura-pecuáriana região de Guarapuava, Paraná
650 _aPECUÁRIA
650 _aPASTAGEM
650 _aLAVOURA
650 _aGUARAPUAVA
650 _aPARANÁ
773 0 _tRevista Acadêmica (Brazil)
_xISSN 0103-989X
_g(Jan-Mar 2008), v. 6(1) p. 11-19
_wBR0808303
909 _a202311
_bLúcia
_c55
_dLúcia Elande
942 _2AGRIS
_n0
_cANA
999 _c200301
_d200301